A. WESLEY POWELL LEARNING RESOURCE CENTRE (WPLRC)

Wonderful Place to Learn, Research & Collaborate

The legacy of the liberal spirit; (Record no. 6743)

MARC details
000 -LEADER
fixed length control field 00741cam a2200265I 4500
001 - ACCESSION NUMBER
control field 13768
003 - CONTROL NUMBER IDENTIFIER
control field OSt
005 - DATE AND TIME OF LATEST TRANSACTION
control field 20230323114742.0
008 - FIXED-LENGTH DATA ELEMENTS--GENERAL INFORMATION
fixed length control field 740808s1943 nyu 000 0 eng c
020 ## - INTERNATIONAL STANDARD BOOK NUMBER
International Standard Book Number 0000000000
035 ## - SYSTEM CONTROL NUMBER
System control number (OCoLC)ocm00974292
035 ## - SYSTEM CONTROL NUMBER
System control number (NNC)4601700
040 ## - CATALOGING SOURCE
Original cataloging agency ITD
Transcribing agency ITD
050 0# - LIBRARY OF CONGRESS CALL NUMBER
Classification number HM276
Item number .B7
082 ## - DEWEY DECIMAL CLASSIFICATION NUMBER
Classification number 320.51/BRA
098 ## - OTHER CLASSIFICATION SCHEMES (OCLC)
Call number based on other classification scheme JH30
100 1# - MAIN ENTRY--PERSONAL NAME
Dates associated with a name 1896-
245 14 - TITLE STATEMENT
Title The legacy of the liberal spirit;
Remainder of title men and movements in the making of modern thought
Statement of responsibility, etc. by Fred Gladstone Bratton.
260 ## - PUBLICATION, DISTRIBUTION, ETC. (IMPRINT)
Place of publication, distribution, etc. New York,
Name of publisher, distributor, etc. C. Scribners̓ sons,
Date of publication, distribution, etc. 1943.
300 ## - PHYSICAL DESCRIPTION
Extent x p., 1 l., 319 p. ;
Dimensions 21 cm.
504 ## - BIBLIOGRAPHY, ETC. NOTE
Bibliography, etc Bibliography: p. 294-311.
942 ## - ADDED ENTRY ELEMENTS (KOHA)
Source of classification or shelving scheme Dewey Decimal Classification
Koha item type Circ Books
948 2# - LOCAL PROCESSING INFORMATION (OCLC); SERIES PART DESIGNATOR (RLIN)
Series part designator, SPT (RLIN) 20070731
b (OCLC) e
c (OCLC) pwh4
d (OCLC) OSMC
Holdings
Withdrawn status Lost status Source of classification or shelving scheme Damaged status Not for loan Home library Current library Date acquired Source of acquisition Total Checkouts Full call number Barcode Date last seen Price effective from Koha item type
    Dewey Decimal Classification     Wesley Powell Learning Resource Centre Wesley Powell Learning Resource Centre 06/17/2016 13768   320.51/BRA 13768 06/17/2016 06/17/2016 Circ Books